000 00403nam a2200145Ia 4500
008 230917s9999||||xx |||||||||||||| ||und||
040 _e179861
_aMAIN
041 _aEnglish
082 _a658.4092 A11S
100 _aAdair, John
245 0 _aStrategic leadership: How to think and plan strategically and provide direction
260 _aNew Delhi
_bKogan Page
_c2010
300 _a125 p.
942 _cBK
999 _c163859
_d163859